| 000 | 00396cam a22001577a 4500 | ||
|---|---|---|---|
| 008 | 180718b2004 xxu||||| |||| 00| 0 eng d | ||
| 020 | _a8173916489 | ||
| 082 | _aT19 C392 | ||
| 100 | _aChaubey, P.K. | ||
| 245 |
_aInequality: issues and indices _cby P.K. Chaubey |
||
| 260 |
_aNew Delhi _bKanishka _c2004 |
||
| 300 | _a140p. | ||
| 650 | _aEquations | ||
| 650 | _aEconomics | ||
| 650 | _aEquality | ||
| 999 |
_c403145 _d403145 |
||